Religion in Mongolia - Statistics

General Stats
  • This quiz has been taken 78 times
  • The average score is 4 of 6
Answer Stats
Percent Religion % Correct
51.7% Buddhism
99%
3.2% Islam
97%
1.3% Christianity
94%
40.6% Irreligious
67%
2.5% Mongolian Shamanism
40%
0.7% Other
40%
No matching quizzes found
Score Distribution
Percent of People with Each Score
Percentile by Number Answered
Your Score History
You have not taken this quiz